000 01412cam a22003614a 4500
001 6846
003 FISKH
005 20250603094430.0
008 090309s2009 nyua j b 001 0 eng
010 _a 2009007316
020 _a9780531213476
020 _a9780531214473
040 _aDLC
_cDLC
_beng
050 _aHM1271 .B44
082 _a305.8
100 1 _aBehrens, Janice,
_d1972-
245 1 0 _aWe are alike, we are different /
_cJanice Behrens.
260 _aNew York :
_bScholastic,
_c2009.
300 _a24 pages :
_bcolor illustrations ;
_c21 cm
490 0 _aScholastic news nonfiction readers
504 _aIncludes bibliographical references and index.
505 0 _aWe are all people! -- How we look -- Food and fun -- Getting around -- We all say hello! -- Your new words -- Find out more.
505 0 _aE
520 _aWhat does it take to be a good citizen? Find out in this appealing new series about the importance of working together, taking turns, respecting differences, and getting along in the classroom, the community, and the world!
521 8 _a260
_bLexile
521 8 _aE
_bRaz-Plus
650 0 _aMulticulturalism
_vJuvenile literature.
650 0 _aCultural pluralism
_vJuvenile literature.
650 0 _aInterpersonal relations
_vJuvenile literature.
906 _a7
_bcbc
_corignew
_d1
_eecip
_f20
_gy-gencatlg
942 _2ddc
_cBK
_n0
999 _c6846
_d6846